Представление документа в формате RUSMARC

ПолеНазваниеЗначение
  Тип записи a
  Библиографический уровень m
001 Контрольный номер RU/УОНБ/EK_Kray/488484075
005 Дата корректировки 20260702152722.7
011 Индекс ISSN __
9 Тираж 4000 экз.
100 Данные общей обработки __
a Данные общей обработки 20150624d2015 m##c0rusy0189 ca
101 Язык документа 0_
a Язык текста rus
102 Страна публикации __
a Страна публикации RU
105 Кодированные данные (монография) __
a Кодированные данные (монография) y###||||000|y
200 Заглавие и сведения об ответственности 1_
a Заглавие № 18 (386) (24 сентября)
203 Вид содержания и тип средства __
a Вид содержания Текст
b Характеристика содержания визуальный
c Тип средства непосредственный
c Тип средства электронный
210 Выходные данные 1_
d Дата издания 2014
325 Примечание о копии 1_
a Текст примечания Имеется электрон. копия
337 Примечание о системных требованиях (электронные ресурсы) __
a Примечание о системных требованиях (электронные ресурсы) Режим доступа: для авториз. пользователей
461 Уровень набора _0
1 001RU/УОНБ/EK_Kray/306610722
1 2000
a Православный Симбирск
v № 18 (386) (24 сентября)
e по благословению митрополита Симбирского и Новоспасского Лонгина
f учредитель Правительство Ульяновской области, Православная религиозная организация Симбирская епархия Русской Православной Церкви (Московский Патриархат)
686 Индексы других классификаций __
2 Код системы rubbk
801 Источник записи _0
a Страна RU
b Организация Ульяновская ОНБ
c Дата составления 20150624
g Правила каталогизации RCR
801 Источник записи _1
a Страна RU
b Организация Ульяновская ОНБ
c Дата составления 20150624
g Правила каталогизации RCR
900 Электронные ресурсы __
a Имя электронного ресурса Обложка из ЭЛД-7175-Православный Симбирск 2014 № 18 (386) (24 сентября)
900 Электронные ресурсы __
a Имя электронного ресурса ЭЛД-7175-Православный Симбирск 2014 № 18 (386) (24 сентября)
901 Тип документа __
t Тип документа h
w Контрольный № источника UONB/MAIN/1f2a807a4b0e4e87a7b1ca7d0c878af7
910 Корректоры записи __
a Корректор записи Осокина
b Дата внесения изменения в запись 20260702
910 Корректоры записи __
a Корректор записи Егорова Т. С.
b Дата внесения изменения в запись 20260702
938 Служебная информация __
a Имя БД kraeved_work
b Имя библиотеки УОНБ
c Имя АИБС МАРК-SQL
d Номер DOC_ID в БД 112882